परिणिता. (Record no. 255258)

MARC details
000 -LEADER
fixed length control field 00559nam a2200181Ia 4500
008 - FIXED-LENGTH DATA ELEMENTS--GENERAL INFORMATION
fixed length control field 090630s9999 xx 000 0 und d
082 ## - DEWEY DECIMAL CLASSIFICATION NUMBER
Item number 3402
100 ## - MAIN ENTRY--PERSONAL NAME
Personal name वरेरकर भा. वि.
245 ## - TITLE STATEMENT
Title परिणिता.
Statement of responsibility, etc वरेरकर भा. वि.
260 ## - PUBLICATION, DISTRIBUTION, ETC. (IMPRINT)
Name of publisher, distributor, etc नवभारत.
Date of publication, distribution, etc 1962
300 ## - PHYSICAL DESCRIPTION
Extent 192
600 ## - SUBJECT ADDED ENTRY--PERSONAL NAME
Personal name वरेरकर भा. वि.
630 ## - SUBJECT ADDED ENTRY--UNIFORM TITLE
Uniform title परिणिता.
655 ## - INDEX TERM--GENRE/FORM
Genre/form data or focus term कादंबरी.
700 ## - ADDED ENTRY--PERSONAL NAME
Personal name वरेरकर भा. वि.
730 ## - ADDED ENTRY--UNIFORM TITLE
Uniform title परिणिता.
942 ## - ADDED ENTRY ELEMENTS (KOHA)
Koha item type Book
Holdings
Withdrawn status Lost status Damaged status Not for loan Home library Current library Date acquired Cost, normal purchase price Total Checkouts Full call number Barcode Date last seen Cost, replacement price Price effective from Koha item type
        Sarvajanik Wachanalaya Shrivardhan Sarvajanik Wachanalaya Shrivardhan 02/08/2004 0.00   3402 SAWASHRI-3402 06/30/2009 0.00 06/30/2009 Book